[Event "Rockville Razuvaev Memorial"]
[Site "Rockville"]
[Date "2013.08.11"]
[Round "4"]
[White "Kosteniuk, Alexandra"]
[Black "Mikhalchishin, Adrian"]
[Result "1/2-1/2"]
[WhiteElo "2488"]
[BlackElo "2515"]
[PlyCount "53"]
[EventDate "2013.08.08"]
[EventType "schev"]
[EventRounds "4"]
[EventCountry "USA"]
[SourceTitle "CBM 155 Extra"]
[Source "ChessBase"]
[SourceDate "2013.08.26"]
[SourceVersion "1"]
[SourceVersionDate "2013.08.26"]
[SourceQuality "1"]
[WhiteTeam "Women"]
[BlackTeam "Friends of Razuvaev"]

1. e4 e5 2. Nf3 Nc6 3. Bb5 a6 4. Ba4 Nge7 5. c3 g6 6. d4 exd4 7. cxd4 b5 8. Bc2
d5 9. Nc3 Bg7 10. Bg5 f6 11. Be3 O-O 12. Qd2 Be6 13. h4 dxe4 14. Bxe4 f5 15.
Ng5 Bc4 16. Bf3 f4 17. Bxf4 Qxd4 18. Be3 Qxd2+ 19. Bxd2 Rad8 20. O-O-O Nb4 21.
Be3 Nd3+ 22. Kc2 Nf5 23. b3 Nb4+ 24. Kb2 Nd3+ 25. Kc2 Nb4+ 26. Kb2 Nd3+ 27. Kc2
1/2-1/2

[Event "Tashkent FIDE GP (Women)"]
[Site "Tashkent"]
[Date "2013.09.20"]
[Round "3"]
[White "Koneru, Humpy"]
[Black "Kosteniuk, Alexandra"]
[Result "1-0"]
[WhiteElo "2607"]
[BlackElo "2495"]
[Annotator "Mikhalchishin,A"]
[PlyCount "71"]
[EventDate "2013.09.18"]
[EventType "tourn"]
[EventRounds "11"]
[EventCountry "UZB"]
[EventCategory "10"]
[SourceTitle "CBM 157"]
[Source "ChessBase"]
[SourceDate "2013.11.12"]
[SourceVersion "1"]
[SourceVersionDate "2013.11.12"]
[SourceQuality "1"]

1. Nf3 d5 2. d4 Nf6 3. e3 e6 4. Bd3 Be7 5. Nbd2 Nbd7 6. b3 b6 7. Bb2 Bb7 8. O-O
O-O 9. c4 c5 {This handling of the Anti-Meran systems was introduced by the
great Akiba Rubinstein and then used by Vassily Smyslov and Artur Yusupov. We
can get this position from the Queen's Indian and from the Meran (with a tempo
down - which is clearly favourable for White).} 10. Rc1 ({White has tried a
few other ways here:} 10. Qe2 Ne4 11. Rac1 (11. cxd5 exd5 12. dxc5 bxc5 13.
Bxe4 dxe4 14. Ne5 Nxe5 15. Bxe5 Qd5 16. Nc4 Qe6 17. Bc3 Rfd8 18. Rfd1 f6 19.
Ba5 Rd5 {The position is balanced, Rustemov,A (2573)-Najer,E (2615)/Sochi 2005}
) 11... cxd4 12. exd4 f5 13. cxd5 exd5 14. Ba6 Bxa6 15. Qxa6 Bd6 16. Rc2 Qe7
17. Qb5 Qe6 18. Rfc1 a6 19. Qe2 Rae8 20. Rc6 Qh6 21. Nxe4 fxe4 22. Ne5 Re6 {
Black is defending successfully here, Taimanov,M (2505)-Winants,L (2495)/
Nettetal 1994}) (10. cxd5 Nxd5 11. Rc1 Rc8 12. Nc4 Rc7 13. Qe2 Qa8 14. Bb1 Rfc8
15. dxc5 Rxc5 16. e4 N5f6 17. Rcd1 Ba6 18. Bd3 R5c7 19. e5 Nd5 20. Qe4 g6 {
White's attack does not look too realistic, Rustemov,A (2564)-Pelletier,Y 
(2583)/Germany 2005.}) 10... Re8 $6 ({The correct strategy here was
demonstrated in this game:} 10... Rc8 11. Qe2 Re8 12. Rfd1 Bf8 13. Ne5 cxd4 14.
exd4 dxc4 15. bxc4 g6 16. Ndf3 Bh6 17. Rb1 Qc7 18. Re1 Nxe5 19. Nxe5 Nd7 20.
Ng4 Bg7 {with equality, Danielian,E (2507)-Kosintseva,N (2546)/Porto Carras
2011}) 11. cxd5 Nxd5 ({White will obtain a small advantage after another
capture:} 11... exd5 12. Qe2 Ne4 13. Ba6 $1 {as the pawn on d5 will be weak.})
12. a3 {Not obligatory.} ({A possible move was} 12. Qe2 Nb4 13. Bb1 Ba6 14. Nc4
) 12... cxd4 $6 (12... a6 {was better:} 13. Qe2 b5 14. Rfd1 cxd4 15. Nxd4 Rc8)
13. Nxd4 $1 {This makes the difference!} Bf8 14. Bb5 $1 {Now Black starts to
face problems with the weakness on c6.} a6 (14... Rc8 {was more complicated:}
15. Nc6 Bxc6 16. Bxc6 Rxc6 17. Rxc6 Nc5 18. Qf3 Qd7 19. Rxc5 Bxc5 20. Nc4 f6
21. e4 b5 $5) 15. Bc6 Ra7 ({Black could not really fight for the c-file after} 
15... Bxc6 16. Nxc6 Qg5 17. Qe2 Rec8 18. b4 Rc7 19. Nf3 Qh5 20. Rc2) 16. Qe2
Ba8 ({Black's position would be too exposed after the central counterstrike} 
16... e5 17. Bxb7 Rxb7 18. Nc6 Qa8 19. Qf3 N5f6 20. Nc4 e4 21. Qg3 Rc8 22. Nd6
Nh5 23. Ne7+ Bxe7 24. Rxc8+ Qxc8 25. Nxc8 Nxg3 26. Nxe7+ Kf8 27. Bxg7+ Kxe7 28.
hxg3 Rc7 29. Bd4) 17. N2f3 ({The central option} 17. Rfd1 {was very good})
17... Ne7 18. Rfd1 Nxc6 19. Nxc6 Bxc6 20. Rxc6 Qa8 21. Rc4 $1 {A very clever
idea to control the c-file, avoiding different tactics with ...Nc5.} b5 22. Rc2
Nf6 ({A better chance was to try to create a stronghold on d3 after} 22... e5 {
intending to go forward.}) 23. Ne5 Rc8 24. Rdc1 Rxc2 25. Qxc2 Qe8 $2 ({Here it
was necessary to try to exchange rooks after} 25... Nd5 26. Qe4 Rc7 27. Rxc7
Nxc7 28. Qxa8 Nxa8 29. Nc6 Nb6 {with a slight advantage for White.}) 26. Qc8 $1
Ra8 27. Qb7 Nd5 28. g3 f6 29. Nd7 ({Not worse was} 29. Nc6 {was not worse:} Ne7
30. Nd4 e5 31. Ne6) 29... b4 ({Black's problems would not disappear after} 
29... Be7 30. Nc5 Bxc5 31. Rxc5) 30. Nxf8 Qxf8 31. e4 Ne7 32. Rc7 Ng6 33. Rxg7+
$1 {Small tactics in Capablanca's style!} Qxg7 34. Qxa8+ Nf8 35. axb4 Qd7 36.
b5 1-0

[Event "RUS-ch (Women) 63rd"]
[Site "Nizhnij Novgorod"]
[Date "2013.10.05"]
[Round "1"]
[White "Kovanova, Baira"]
[Black "Kosteniuk, Alexandra"]
[Result "1-0"]
[WhiteElo "2396"]
[BlackElo "2495"]
[PlyCount "105"]
[EventDate "2013.10.05"]
[EventType "tourn"]
[EventRounds "9"]
[EventCountry "RUS"]
[EventCategory "8"]
[SourceTitle "CBM 156 Extra"]
[Source "ChessBase"]
[SourceDate "2013.10.22"]
[SourceVersion "1"]
[SourceVersionDate "2013.10.22"]
[SourceQuality "1"]

1. e4 c5 2. Nf3 d6 3. d4 cxd4 4. Nxd4 Nf6 5. Nc3 Nc6 6. Bg5 e6 7. Qd2 a6 8.
O-O-O h6 9. Nxc6 bxc6 10. Bf4 d5 11. Qe3 Bb4 12. Be2 O-O 13. e5 Nh7 14. h4 Qa5
15. a3 Bc5 16. Qf3 Rb8 17. Rh3 Rb7 18. Rg3 Kh8 19. Qg4 f5 20. exf6 Nxf6 21. Qg6
Qd8 22. Be5 Bd6 23. f4 c5 24. Bxa6 Rff7 25. Bxb7 Rxb7 26. Nb5 Bf8 27. a4 d4 28.
Bxf6 Qxf6 29. Qxf6 gxf6 30. c3 Bd7 31. cxd4 Bxb5 32. axb5 Bd6 33. Rf3 Kg7 34.
dxc5 Bxc5 35. h5 e5 36. fxe5 fxe5 37. Rd5 Bd4 38. Rd6 Rxb5 39. b3 Rb7 40. Kd2
Bc5 41. Re6 Bb4+ 42. Kd3 Rd7+ 43. Ke4 Rd2 44. Rg6+ Kh7 45. Kxe5 Rd7 46. Ke4 Bd2
47. g4 Rb7 48. Rd3 Bc1 49. Rgd6 Re7+ 50. Kf5 Rf7+ 51. Ke6 Rf4 52. Rd7+ Kg8 53.
Rd8+ 1-0

[Event "RUS-ch (Women) 63rd"]
[Site "Nizhnij Novgorod"]
[Date "2013.10.06"]
[Round "2"]
[White "Kosteniuk, Alexandra"]
[Black "Pogonina, Natalija"]
[Result "1-0"]
[WhiteElo "2495"]
[BlackElo "2485"]
[PlyCount "83"]
[EventDate "2013.10.05"]
[EventType "tourn"]
[EventRounds "9"]
[EventCountry "RUS"]
[EventCategory "8"]
[SourceTitle "CBM 156 Extra"]
[Source "ChessBase"]
[SourceDate "2013.10.22"]
[SourceVersion "1"]
[SourceVersionDate "2013.10.22"]
[SourceQuality "1"]

1. e4 e5 2. Nf3 Nc6 3. Bc4 Bc5 4. c3 Nf6 5. d4 exd4 6. cxd4 Bb4+ 7. Nbd2 d5 8.
exd5 Nxd5 9. O-O O-O 10. Ne5 Nxe5 11. dxe5 Nb6 12. Bb3 Bxd2 13. Bxd2 Be6 14.
Bc2 Qh4 15. Qe1 Rfd8 16. b3 Nd5 17. Be4 c6 18. f4 Qxe1 19. Raxe1 f5 20. exf6
Nxf6 21. Ba5 Re8 22. Bd3 Bd5 23. Bc3 Ne4 24. Be5 Nc5 25. Bf5 a5 26. Re3 Be6 27.
Bc2 Bf7 28. Rg3 g6 29. h4 Nd7 30. Bc3 Nf8 31. h5 Bd5 32. hxg6 hxg6 33. f5 Re2
34. Rf2 Rae8 35. fxg6 Rxf2 36. Kxf2 Be4 37. Bxe4 Rxe4 38. Bxa5 Nd7 39. Bc3 Ne5
40. g7 b5 41. Rh3 Kxg7 42. Re3 1-0

[Event "RUS-ch (Women) 63rd"]
[Site "Nizhnij Novgorod"]
[Date "2013.10.08"]
[Round "4"]
[White "Kosintseva, Tatiana"]
[Black "Kosteniuk, Alexandra"]
[Result "0-1"]
[WhiteElo "2515"]
[BlackElo "2495"]
[PlyCount "130"]
[EventDate "2013.10.05"]
[EventType "tourn"]
[EventRounds "9"]
[EventCountry "RUS"]
[EventCategory "8"]
[SourceTitle "CBM 156 Extra"]
[Source "ChessBase"]
[SourceDate "2013.10.22"]
[SourceVersion "1"]
[SourceVersionDate "2013.10.22"]
[SourceQuality "1"]

1. e4 c6 2. d4 d5 3. e5 c5 4. c3 Nc6 5. Nf3 Bg4 6. dxc5 a6 7. Be3 Bxf3 8. Qxf3
Nxe5 9. Qd1 e6 10. Be2 Ne7 11. b4 Nf5 12. Bf4 Nc6 13. O-O g6 14. Bd3 Bg7 15.
Bxf5 gxf5 16. Bd6 a5 17. bxa5 Rxa5 18. Nd2 Qd7 19. Nb3 Ra4 20. Nd2 Ra3 21. Rb1
Be5 22. Bxe5 Nxe5 23. Re1 Ng6 24. Qc1 Rxa2 25. Nf3 O-O 26. h4 f6 27. Rb6 e5 28.
Qb1 Ra7 29. Rd6 Qc8 30. Rxd5 Ne7 31. Rd6 Qxc5 32. Qb3+ Kh8 33. Rd7 Ng6 34. Qe6
b5 35. Rxa7 Qxa7 36. Qxf5 Qg7 37. Rd1 Nf4 38. g3 Ne2+ 39. Kg2 Qg6 40. Qxg6 hxg6
41. Rd7 Nxc3 42. Rb7 Kg8 43. g4 Rd8 44. h5 g5 45. Nh2 Rd4 46. f3 Rd2+ 47. Kh1
Rb2 48. Nf1 e4 49. fxe4 Nxe4 50. Ne3 Rb3 51. Nd5 Nf2+ 52. Kg1 Nxg4 53. Ne7+ Kf8
54. Nf5 Rh3 55. h6 Nxh6 56. Kg2 g4 57. Nd4 Re3 58. Kf2 Re4 59. Nxb5 Rb4 60. Rh7
Rxb5 61. Rxh6 Kg7 62. Rh4 f5 63. Kg3 Kg6 64. Rh8 Rb3+ 65. Kg2 Kg5 0-1

[Event "RUS-ch (Women) 63rd"]
[Site "Nizhnij Novgorod"]
[Date "2013.10.09"]
[Round "5"]
[White "Kosteniuk, Alexandra"]
[Black "Goryachkina, Aleksandra"]
[Result "1/2-1/2"]
[WhiteElo "2495"]
[BlackElo "2436"]
[PlyCount "84"]
[EventDate "2013.10.05"]
[EventType "tourn"]
[EventRounds "9"]
[EventCountry "RUS"]
[EventCategory "8"]
[SourceTitle "CBM 156 Extra"]
[Source "ChessBase"]
[SourceDate "2013.10.22"]
[SourceVersion "1"]
[SourceVersionDate "2013.10.22"]
[SourceQuality "1"]

1. e4 c5 2. Nf3 Nc6 3. Bb5 d6 4. O-O Bd7 5. c3 Nf6 6. d4 Nxe4 7. d5 Ne5 8. Na3
g6 9. Re1 Nxf3+ 10. Qxf3 f5 11. Bd3 Bg7 12. Bxe4 fxe4 13. Qxe4 Bf5 14. Qe2 Qd7
15. Bg5 O-O-O 16. Qxe7 Rde8 17. Qxd7+ Kxd7 18. f3 Bd3 19. Kf2 a6 20. Re3 Rxe3
21. Kxe3 c4 22. Kd2 h6 23. Be3 Re8 24. Re1 Re5 25. Nc2 Bxc2 26. Kxc2 Rxd5 27.
g4 b5 28. f4 a5 29. Bd2 Rd3 30. a4 b4 31. cxb4 Rb3 32. Bc3 Bxc3 33. bxc3 axb4
34. cxb4 d5 35. f5 gxf5 36. gxf5 d4 37. Re4 d3+ 38. Kc1 Rxb4 39. f6 Rxa4 40. f7
Ra1+ 41. Kd2 Rf1 42. Rxc4 Rxf7 1/2-1/2

[Event "RUS-ch (Women) 63rd"]
[Site "Nizhnij Novgorod"]
[Date "2013.10.11"]
[Round "6"]
[White "Kashlinskaya, Alina"]
[Black "Kosteniuk, Alexandra"]
[Result "0-1"]
[WhiteElo "2435"]
[BlackElo "2495"]
[PlyCount "78"]
[EventDate "2013.10.05"]
[EventType "tourn"]
[EventRounds "9"]
[EventCountry "RUS"]
[EventCategory "8"]
[SourceTitle "CBM 156 Extra"]
[Source "ChessBase"]
[SourceDate "2013.10.22"]
[SourceVersion "1"]
[SourceVersionDate "2013.10.22"]
[SourceQuality "1"]

1. d4 Nf6 2. c4 e6 3. Nf3 d5 4. Nc3 Be7 5. cxd5 exd5 6. Bg5 c6 7. e3 Bf5 8. Nd2
Nbd7 9. Be2 Nf8 10. g4 Bd7 11. Bf4 Ne6 12. Be5 c5 13. dxc5 Bc6 14. Bf3 Nd7 15.
Bd6 Bxd6 16. cxd6 Nb6 17. a4 a5 18. Qb3 Nc5 19. d7+ Nbxd7 20. Qa3 Nd3+ 21. Ke2
Nb4 22. Rhc1 Ne5 23. Na2 Qb6 24. Qc3 Qa6+ 25. Kd1 Nxf3 26. Nxf3 Qf1+ 27. Ne1 d4
28. exd4 O-O 29. Nxb4 axb4 30. Qxb4 Rfe8 31. Kc2 Qxf2+ 32. Kb1 Rac8 33. Nd3 Be4
34. Ra3 Rxc1+ 35. Kxc1 Qf1+ 36. Kc2 Rc8+ 37. Kd2 Bxd3 38. Rxd3 Qf2+ 39. Kd1
Qc2+ 0-1

[Event "RUS-ch (Women) 63rd"]
[Site "Nizhnij Novgorod"]
[Date "2013.10.12"]
[Round "7"]
[White "Kosteniuk, Alexandra"]
[Black "Charochkina, Daria"]
[Result "1-0"]
[WhiteElo "2495"]
[BlackElo "2343"]
[Annotator "Gormally,D"]
[PlyCount "57"]
[EventDate "2013.10.05"]
[EventType "tourn"]
[EventRounds "9"]
[EventCountry "RUS"]
[EventCategory "8"]
[SourceTitle "CBM 157"]
[Source "ChessBase"]
[SourceDate "2013.11.12"]
[SourceVersion "1"]
[SourceVersionDate "2013.11.12"]
[SourceQuality "1"]

1. e4 c6 2. Nc3 d5 3. d4 dxe4 4. Nxe4 Bf5 5. Ng3 Bg6 6. h4 h6 7. Nf3 Nd7 8. h5
Bh7 9. Bd3 Bxd3 10. Qxd3 Ngf6 11. Bf4 Qa5+ 12. Bd2 Qa4 13. O-O e6 14. Rfe1 Be7
15. a3 Rd8 16. b4 O-O 17. Nf5 $1 Rfe8 (17... exf5 {does not bring much relief
either after} 18. Rxe7 Ne4 19. Bf4 $1 {threatening Bc7} Rfe8 20. Rxe8+ Rxe8 21.
Nh4 {when the f5-pawn drops.}) 18. Rxe6 $3 {[%mdl 512] The first step in
dismantling the fortifications around the enemy king.} fxe6 19. Nxg7 $1 {
And this further blow rends the enemy defences asunder. Black's queen,
haplessly stranded on a4, is powerless to come to the rescue of its monarch.}
Nf8 ({There is a beautiful finish after the obvious recapture} 19... Kxg7 {
White strikes with} 20. Bxh6+ $1 Kh8 21. Bg7+ $1 Kxg7 (21... Kg8 22. Qg6 {
and Black has to play the desperate} Qxc2 {to avoid an immediate debacle} 23.
Qxc2 $18) 22. Qg6+ Kh8 23. Ng5 Rf8 24. h6 $1 {overloading the defences. Of
course all this needed to be seen when starting the combination, which
demonstrates the great calculating abilities of Kosteniuk.}) 20. Nxe8 Rxe8 $6 (
{It's very hard to try and save such a position, where your king is wide-open
to an attack from White's raging forces, nevertheless} 20... Nxe8 {was
probably a tougher defence} 21. c4 $1 {shutting the black queen out before
bringing up the re-inforcements} Kg7 22. Re1 Bf6 23. Re4 Nd6 24. Rg4+ Kf7 25.
Bxh6 {and White has three pawns and a huge attack for his piece.}) 21. Ne5 $1
Kg7 (21... Nxh5 22. Bxh6 {threatening to take on f8 and play Qg6} Bf6 23. Qf3
$1 ({the simple} 23. Re1 {is also terribly strong}) 23... Bxe5 24. Qxh5 Bxd4
25. Qxe8 Bxa1 26. Qxf8+ Kh7 27. Be3 Bg7 28. Qf3 Qxa3 29. Qh3+ {with a
technically won ending.}) 22. Re1 $1 N6h7 23. Re3 (23. Qg3+ $1 Ng5 24. Bxg5
Bxg5 25. f4 {and Black can resign.}) 23... Bf6 24. Rg3+ Ng5 25. f4 Rd8 26. Nf3
Nfh7 $2 (26... Qb5 27. fxg5 hxg5 28. Qe3 {and the g-pawn will inevitably drop
off at some stage, leaving the Black king completely devoid of any shelter.}
Nh7 29. Qxe6 $18) 27. fxg5 hxg5 28. Nxg5 $1 Bxd4+ (28... Nxg5 29. Qg6+) (28...
Bxg5 29. Bxg5) 29. Kh1 1-0

[Event "RUS-ch (Women) 63rd"]
[Site "Nizhnij Novgorod"]
[Date "2013.10.13"]
[Round "8"]
[White "Bodnaruk, Anastasia"]
[Black "Kosteniuk, Alexandra"]
[Result "0-1"]
[WhiteElo "2459"]
[BlackElo "2495"]
[PlyCount "168"]
[EventDate "2013.10.05"]
[EventType "tourn"]
[EventRounds "9"]
[EventCountry "RUS"]
[EventCategory "8"]
[SourceTitle "CBM 156 Extra"]
[Source "ChessBase"]
[SourceDate "2013.10.22"]
[SourceVersion "1"]
[SourceVersionDate "2013.10.22"]
[SourceQuality "1"]

1. e4 e5 2. Nf3 Nc6 3. Bb5 a6 4. Ba4 Nf6 5. O-O Bc5 6. c3 b5 7. Bb3 d6 8. a4
Rb8 9. d4 Bb6 10. a5 Ba7 11. h3 O-O 12. Be3 Ra8 13. Nbd2 h6 14. Re1 exd4 15.
cxd4 Nb4 16. Nf1 Nxe4 17. Bxh6 Bf5 18. Ne3 Bg6 19. Nd5 Nxf2 20. Qd2 Nxd5 21.
Bxd5 Nxh3+ 22. gxh3 gxh6 23. Qxh6 Qf6 24. Re4 c6 25. Rf4 Qg7 26. Qxg7+ Kxg7 27.
Bxc6 Rac8 28. Be4 Rc4 29. Bd5 Rc2 30. b3 Re8 31. Rf1 Ree2 32. Nh4 f5 33. Rd1
Kf6 34. Bf3 Red2 35. Rxd2 Rxd2 36. Kf1 Bxd4 37. Be2 Be5 38. Nxg6 Kxg6 39. Rf2
Rb2 40. Rg2+ Kf6 41. Rg8 Rxb3 42. h4 Rh3 43. h5 Bc3 44. Kg2 Rh4 45. Ra8 Bxa5
46. Rxa6 Bb4 47. Rb6 Re4 48. Bxb5 Kg5 49. Bd3 Rd4 50. Be2 Re4 51. Bf3 Rc4 52.
Be2 Rc2 53. Kf1 Bc5 54. Rb8 f4 55. Rg8+ Kh4 56. Rf8 Kh3 57. Ke1 Rc1+ 58. Kd2
Be3+ 59. Kd3 Kg3 60. Ke4 Rc2 61. Rg8+ Kf2 62. Bg4 f3 63. Kd3 Rd2+ 64. Kc3 Ke2
65. Rf8 Rd3+ 66. Kc2 Bh6 67. Rf6 Bg7 68. Rf7 Rc3+ 69. Kb1 Be5 70. h6 Kf2 71. h7
Kg3 72. Bh5 f2 73. Be2 Re3 74. Ba6 Kg2 75. Kc2 Ra3 76. Bb5 Rh3 77. Kd2 Bc3+ 78.
Kc2 Bd4 79. Bd3 d5 80. Rf5 Ba1 81. Rf8 Rxd3 82. Kxd3 f1=Q+ 83. Rxf1 Kxf1 84.
Ke3 Bh8 0-1

[Event "RUS-ch (Women) 63rd"]
[Site "Nizhnij Novgorod"]
[Date "2013.10.14"]
[Round "9"]
[White "Kosteniuk, Alexandra"]
[Black "Gunina, Valentina"]
[Result "1/2-1/2"]
[WhiteElo "2495"]
[BlackElo "2506"]
[PlyCount "120"]
[EventDate "2013.10.05"]
[EventType "tourn"]
[EventRounds "9"]
[EventCountry "RUS"]
[EventCategory "8"]
[SourceTitle "CBM 156 Extra"]
[Source "ChessBase"]
[SourceDate "2013.10.22"]
[SourceVersion "1"]
[SourceVersionDate "2013.10.22"]
[SourceQuality "1"]

1. e4 c6 2. d4 d5 3. e5 Bf5 4. Nf3 e6 5. Be2 Ne7 6. c3 Nd7 7. O-O c5 8. dxc5
Nxc5 9. Be3 Nc6 10. Nd4 Bg6 11. c4 dxc4 12. Nxc6 Qxd1 13. Rxd1 bxc6 14. Bxc4
Be7 15. Nc3 Nd7 16. Nb5 Bd8 17. Nd6+ Ke7 18. Bg5+ f6 19. exf6+ gxf6 20. Bh4 Bb6
21. Be2 Ne5 22. Kf1 Bc7 23. Nc4 Nxc4 24. Bxc4 Rhd8 25. Bg3 e5 26. f3 Bb6 27.
Be1 Bd4 28. Bb4+ Ke8 29. Rd2 a5 30. Ba3 Be3 31. Re2 Bh6 32. Bc5 Rab8 33. Kf2
Bd3 34. Bxd3 Rxd3 35. g3 Rb5 36. Ba3 Rbd5 37. f4 Kf7 38. fxe5 fxe5 39. Rae1 Bd2
40. Rf1 Ke6 41. Bf8 a4 42. Kg2 Rd7 43. Rff2 Be3 44. Rf3 Bb6 45. Bh6 Rxf3 46.
Kxf3 Rd3+ 47. Kg4 Bd4 48. h4 c5 49. h5 Rd1 50. Rc2 Kd5 51. b3 axb3 52. axb3 Rd3
53. Ra2 Rxb3 54. Ra7 Bf2 55. Rxh7 Ke4 56. Kg5 Bxg3 57. Bf8 Bf4+ 58. Kg4 Rg3+
59. Kh4 Kf3 60. Bh6 Rg4+ 1/2-1/2

[Event "EU-chT (Women) 19th"]
[Site "Warsaw"]
[Date "2013.11.16"]
[Round "8.2"]
[White "Arabidze, Meri"]
[Black "Kosteniuk, Alexandra"]
[Result "0-1"]
[WhiteElo "2374"]
[BlackElo "2510"]
[PlyCount "60"]
[EventDate "2013.11.08"]
[EventType "team-swiss"]
[EventRounds "9"]
[EventCountry "POL"]
[SourceTitle "EXT 2014"]
[Source "ChessBase"]
[SourceDate "2013.11.20"]
[SourceVersion "1"]
[SourceVersionDate "2013.11.20"]
[SourceQuality "1"]
[WhiteTeam "Georgia (W)"]
[BlackTeam "Russia (W)"]
[WhiteTeamCountry "GEO"]
[BlackTeamCountry "RUS"]

1. d4 e6 2. c4 Bb4+ 3. Nd2 b6 4. Ngf3 Bb7 5. a3 Bxd2+ 6. Qxd2 f5 7. e3 Nf6 8.
Be2 O-O 9. O-O d6 10. b4 Nbd7 11. Bb2 Ne4 12. Qc2 Rf6 13. d5 Rh6 14. dxe6 Rxe6
15. Rfd1 c5 16. bxc5 Nexc5 17. Qxf5 Rg6 18. Rd5 Qe7 19. Qc2 Bxd5 20. cxd5 Rf8
21. Kf1 Nf6 22. h3 Nfe4 23. Bd4 Rh6 24. Ke1 Qf7 25. a4 Qg6 26. Bf1 Rxh3 27. a5
Rh1 28. axb6 Qxg2 29. Qe2 Nd3+ 30. Qxd3 Qxf2+ 0-1

[Event "EU-chT (Women) 19th"]
[Site "Warsaw"]
[Date "2013.11.17"]
[Round "9.2"]
[White "Muzychuk, Mariya"]
[Black "Kosteniuk, Alexandra"]
[Result "0-1"]
[WhiteElo "2491"]
[BlackElo "2510"]
[PlyCount "90"]
[EventDate "2013.11.08"]
[EventType "team-swiss"]
[EventRounds "9"]
[EventCountry "POL"]
[SourceTitle "EXT 2014"]
[Source "ChessBase"]
[SourceDate "2013.11.20"]
[SourceVersion "1"]
[SourceVersionDate "2013.11.20"]
[SourceQuality "1"]
[WhiteTeam "Ukraine (W)"]
[BlackTeam "Russia (W)"]
[WhiteTeamCountry "UKR"]
[BlackTeamCountry "RUS"]

1. d4 d5 2. c4 e6 3. Nf3 Nf6 4. g3 dxc4 5. Bg2 a6 6. O-O Nc6 7. e3 Rb8 8. Nfd2
e5 9. Bxc6+ bxc6 10. dxe5 Ng4 11. Nxc4 Be6 12. Nbd2 Bb4 13. Qe2 h5 14. h3 Bxd2
15. Bxd2 h4 16. hxg4 hxg3 17. fxg3 Qd5 18. e4 Qxc4 19. Qxc4 Bxc4 20. Rfb1 Bd3
21. Rd1 Bxe4 22. b3 Rd8 23. Be1 Rd5 24. Kf2 Rh2+ 25. Ke3 Rxe5 26. Bc3 Re6 27.
Rd2 Bd5+ 28. Kf4 Re4+ 29. Kf5 Rh3 30. Bxg7 Rxg3 31. Rh1 Rgxg4 32. Rh8+ Kd7 33.
Bf6 Kd6 34. Rd8+ Kc5 35. Rc2+ Kb6 36. Bg5 Be6+ 37. Kf6 c5 38. Rb8+ Kc6 39. Ra8
Re1 40. Rf2 Reg1 41. Be3 Rg6+ 42. Ke7 Kb7 43. Rd8 Re1 44. Bxc5 f5 45. Rd4 Bd5+
0-1

[Event "Beijing Sportaccord rap (Women)"]
[Site "Beijing"]
[Date "2013.12.12"]
[Round "1"]
[White "Cmilyte, Viktorija"]
[Black "Kosteniuk, Alexandra"]
[Result "1/2-1/2"]
[WhiteElo "2514"]
[BlackElo "2527"]
[PlyCount "129"]
[EventDate "2013.12.12"]
[EventType "swiss (rapid)"]
[EventRounds "7"]
[EventCountry "CHN"]
[SourceTitle "CBM 157 Extra"]
[Source "ChessBase"]
[SourceDate "2013.12.19"]
[SourceVersion "1"]
[SourceVersionDate "2013.12.19"]
[SourceQuality "1"]

1. d4 Nf6 2. c4 e6 3. Nf3 d5 4. Nc3 dxc4 5. Bg5 Bb4 6. Qa4+ Nc6 7. e3 Bd7 8.
Qc2 b5 9. a4 a6 10. Be2 Be7 11. O-O Rb8 12. axb5 axb5 13. Bxf6 Bxf6 14. Ne4 Be7
15. b3 Nb4 16. Qb2 Bc6 17. d5 exd5 18. Qxg7 Rf8 19. Rfd1 Nd3 20. Bxd3 cxd3 21.
Rxd3 f5 22. Qxh7 Bf6 23. Qg6+ Ke7 24. Nxf6 Rxf6 25. Qg7+ Kd6 26. Nd4 Bd7 27.
Ra6+ Rb6 28. Qg3+ Kc5 29. Rxb6 Kxb6 30. Qe5 Rd6 31. b4 Qf6 32. Qf4 Rc6 33. h4
Rc4 34. Rb3 Qg6 35. Qg5 Qd6 36. g3 Rxb4 37. Rxb4 Qxb4 38. Qd8 Qb1+ 39. Kg2 Qe4+
40. Kh2 Qe8 41. Qf6+ Ka5 42. Nb3+ Kb4 43. Qb2 c5 44. Nc1+ Ka5 45. Nb3+ Kb4 46.
Nc1+ Ka5 47. Qa3+ Kb6 48. Nb3 Qe7 49. h5 f4 50. exf4 d4 51. h6 d3 52. Qa5+ Kb7
53. Qa3 Kb6 54. Qa5+ Kb7 55. Qc3 c4 56. Na5+ Ka6 57. Nxc4 bxc4 58. Qxc4+ Bb5
59. Qd4 Qe6 60. Qa1+ Kb6 61. Qd4+ Ka6 62. Qa1+ Kb6 63. Qd4+ Ka6 64. Qa1+ Kb6
65. Qd4+ 1/2-1/2

[Event "Beijing Sportaccord rap (Women)"]
[Site "Beijing"]
[Date "2013.12.12"]
[Round "2"]
[White "Kosteniuk, Alexandra"]
[Black "Zhao, Xue"]
[Result "1-0"]
[WhiteElo "2527"]
[BlackElo "2568"]
[PlyCount "69"]
[EventDate "2013.12.12"]
[EventType "swiss (rapid)"]
[EventRounds "7"]
[EventCountry "CHN"]
[SourceTitle "CBM 157 Extra"]
[Source "ChessBase"]
[SourceDate "2013.12.19"]
[SourceVersion "1"]
[SourceVersionDate "2013.12.19"]
[SourceQuality "1"]

1. e4 e5 2. Nf3 Nc6 3. Nc3 Nf6 4. Be2 Bb4 5. Nd5 Ba5 6. c3 O-O 7. b4 Bb6 8. a4
Nxe4 9. Qc2 Nxf2 10. Nxb6 Nxh1 11. Nxa8 d5 12. d3 Bf5 13. b5 e4 14. Bg5 f6 15.
bxc6 fxg5 16. cxb7 g4 17. Ne5 Qh4+ 18. g3 Qxh2 19. O-O-O Nf2 20. Qb3 c6 21.
b8=Q Nxd1 22. Bxd1 exd3 23. Q3b4 Qh6+ 24. Kb1 c5 25. Q4b7 Qe6 26. Q8c7 Qf6 27.
Qxd5+ Be6 28. Qdb7 h5 29. Nd7 Qf1 30. Kc1 Rf7 31. Qcb8+ Kh7 32. Qe4+ Bf5 33.
Qef4 d2+ 34. Qxd2 Rxd7 35. Qbf4 1-0